000 00803nam a22002657a 4500
001 BR9208122
003 BR-BrBNA
005 20230928093657.0
007 ta
008 230509b bl.||||| |||| 00| 0 por d
040 _aBR-BrBNA
_bpor
_cBiblioteca Nacional de Agricultura
041 _a(Por)
072 _aH10
_b0430
_b4020
090 _ 0430 BR9208122
110 1 _aSecretaria Nacional de Defesa Agropecuaria, Brasilia, DF (Brasil). Secretaria de Defesa Sanitaria Vegetal
_99194
245 1 _aPrograma nacional de prevencao e controle do bicudo do algodoeiro.(anexo 6)
260 3 _aBrasilia, DF (Brasil):
_c[nd].
300 _a7 p.
650 _aALGODAO
650 _aBICUDO
650 _aCONTROLE QUIMICO
650 _aERRADICACAO
909 _a202309
_bLucia
_c55
_dLucia Elande
942 _cBK
999 _c46425
_d46425